[Event "Corrientes Mayor Rosarino op"]
[Site "Corrientes"]
[Date "2022.10.08"]
[Round "5"]
[White "Acevedo, Raul"]
[Black "Frenquelli, Facundo"]
[Result "1-0"]
[WhiteElo "2021"]
[BlackElo "1791"]
[PlyCount "55"]
[EventDate "2022.10.06"]
[EventType "swiss"]
[EventRounds "9"]
[EventCountry "ARG"]
[SourceTitle "CBM 210 Extra"]
[Source "ChessBase"]
[SourceDate "2022.11.30"]
[SourceVersion "1"]
[SourceVersionDate "2022.11.30"]
[SourceQuality "1"]

1. e4 c5 2. Nf3 Nc6 3. c3 Nf6 4. e5 Nd5 5. d4 cxd4 6. cxd4 d6 7. Nc3 Nxc3 8. bxc3 dxe5 9. d5 e4 10. Ng5 Nb8 11. Qa4+ Bd7 12. Qxe4 g6 13. Qf3 f6 14. Ne4 Bg7 15. Bc4 0-0 16. 0-0 Kh8 17. Ba3 Re8 18. Rfe1 Qc8 19. Bb3 f5 20. Nc5 b6 21. Nd3 Na6 22. Rxe7 Rxe7 23. Bxe7 Qxc3 24. Rc1 Qd4 25. Ba3 Bb5 26. Nf4 Nc5 27. d6 Rd8 28. Nxg6+ 1-0

[Event "Corrientes Mayor Rosarino op"]
[Site "Corrientes"]
[Date "2022.10.07"]
[Round "3"]
[White "Alvarez, Leandro"]
[Black "Frenquelli, Facundo"]
[Result "1-0"]
[WhiteElo "2098"]
[BlackElo "1791"]
[PlyCount "97"]
[EventDate "2022.10.06"]
[EventType "swiss"]
[EventRounds "9"]
[EventCountry "ARG"]
[SourceTitle "CBM 210 Extra"]
[Source "ChessBase"]
[SourceDate "2022.11.30"]
[SourceVersion "1"]
[SourceVersionDate "2022.11.30"]
[SourceQuality "1"]

1. Nf3 d5 2. c4 c6 3. d4 Nf6 4. g3 Bf5 5. Bg2 e6 6. 0-0 Bd6 7. Qb3 Qb6 8. c5 Qxb3 9. axb3 Bc7 10. Nc3 Nbd7 11. b4 0-0 12. b5 e5 13. bxc6 bxc6 14. Ra6 exd4 15. Nxd4 Bg6 16. Nxc6 Nxc5 17. Ne7+ Kh8 18. Rc6 Bb6 19. Nxg6+ fxg6 20. Nxd5 Nxd5 21. Bxd5 Rad8 22. Bf3 Nb3 23. Bg5 Rde8 24. Kg2 Nd4 25. Rc4 Nxf3 26. exf3 Re2 27. b4 h6 28. Bf4 g5 29. Bd6 Rd8 30. Bc5 Rb2 31. Bxb6 axb6 32. f4 gxf4 33. Rxf4 Kg8 34. h4 Rf8 35. Rd4 Rf6 36. g4 Kf8 37. h5 b5 38. Kg3 Rb3+ 39. f3 Ke8 40. Kh4 Rc6 41. Re1+ Kf8 42. Rd8+ Kf7 43. Rd7+ Kf8 44. Ra1 Rc8 45. Kg3 Rxb4 46. Raa7 Ra4 47. Rab7 b4 48. Rf7+ Kg8 49. Rxg7+ 1-0